| 000 | 00884cam a22002054a 4500 | ||
|---|---|---|---|
| 005 | 20250605164055.0 | ||
| 008 | 250528s ||||||||||||||||||||||||d | ||
| 035 | _a17428 | ||
| 020 | _a878557172 | ||
| 040 |
_aGR-AtMCL _bgre _dGR-AtMCL _eAACR2 |
||
| 245 | 1 | _aPolitical Sociology / Readings in Research and Theory | |
| 260 |
_bTransaction Boks, _c1980 |
||
| 300 | _a446 | ||
| 520 | _aThis book deals with the major theoretical, conceptual, and empirical issues in the field of political sociology. Preface, The Field of Political Sociology Revisited, Conceptual and Theoretical and Pedagogical Perspectives, Conventional Political Participation, Unconventional Political Participation, Elites and Ideology and Power, The Contributors, Index. | ||
| 700 | 1 |
_aDobratz Betty A _93585 |
|
| 700 | 1 |
_aKourvetaris George A _93586 |
|
| 942 | _cBK | ||
| 999 |
_c2849 _d2849 |
||